000 00956nam a2200253 a 4500
999 _c8417
_d8417
001 8417
003 BD-JhCC
005 20180224110636.0
008 171219s1999 bg a|||| ||a| 000 0 ben d
035 _a(BD-JhCC)8417
040 _aBD-JhCC
_dBD-JhCC
041 _aben
082 _a540
_bUDD 1999
100 _aউদ্দিন, মোঃ মহির
245 _aউচ্চ মাধ্যমিক রসায়ন প্রথম পত্র /
_cমোঃ মহির উদ্দিন; এ. আর. সরকার; লায়লা মুসতারীন; হাছিনা বেগম
260 _aঢাকা :
_bদিশা প্রকাশনী,
_c1999.
300 _a520 p. :
_c24 cm.
650 _aChemistry
700 _aসরকার , এ. আর.
700 _aমুসতারীন, লায়লা
700 _aবেগম, হাছিনা
942 _2ddc
_cBK